Ciencia y tecnología en América Latina en el siglo XXI

Guardat en:
Dades bibliogràfiques
Autor corporatiu: Consejo Nacional de Investigaciones Científicas y Tecnológicas
Format: Desconegut
Publicat: San José: El Consejo
Etiquetes: Afegir etiqueta
Sense etiquetes, Sigues el primer a etiquetar aquest registre!

MARC

LEADER 00000 a2200000 04500
001 19508
003
008 991231s d
040
090 |a 023502  
110 |a Consejo Nacional de Investigaciones Científicas y Tecnológicas  
245 |a Ciencia y tecnología en América Latina en el siglo XXI  
260 |a San José:   |b El Consejo  
300 |a p. varia  
999 |c 15989  |d 15989